Villes les plus peuplées en région PACA - Statistiques

Statistiques générales
  • Ce quiz a été pris 140 fois
  • Le résultat moyen est 11 sur 15
Statistiques - réponses
Population Ville % Correct
877K Marseille
100%
353K Nice
99%
180K Toulon
92%
147K Aix-en-Provence
89%
74K Cannes
87%
91K Avignon
84%
76K Antibes
69%
51,1K Arles
68%
55K Hyères
68%
58K Fréjus
62%
48,8K Martigues
58%
47K Aubagne
56%
48,6K Grasse
48%
62K La Seyne-sur-Mer
45%
52K Cagnes-sur-Mer
27%
Aucun quiz correspondant
Distribution des résultats
% des personnes avec chaque résultat
Percentile par nombre de réponses
Votre historique - résultats
Vous n’avez pas pris ce quiz